The Way - Juice Wrld & XXXTentacion - Statistics

General Stats
  • This quiz has been taken 45 times
  • The average score is 248 of 356
Answer Stats
Lyrics % Correct
I
100%
the
97%
a
94%
Do
94%
know
94%
lost
94%
Lost
94%
(Lost
94%
lost)
94%
(lost
94%
my
94%
way
94%
you
90%
mind
87%
friend
84%
in
84%
(trapped
84%
trapped
84%
and
81%
And
81%
Gettin’
81%
gettin’
81%
hate
81%
them
81%
Fake
77%
me
77%
to
77%
better
74%
I’m
74%
Time
74%
time
74%
abyss
71%
don’t
71%
happenin’
71%
Welcome
71%
space
68%
what’s
68%
with
68%
again
61%
all
61%
Filled
61%
find
61%
friends
61%
inner
61%
peace
61%
am
58%
been
58%
I’ve
58%
Delete
55%
erase
55%
some
55%
sufferin’
55%
tryna
55%
sins
52%
travelin’
52%
Words
48%
words
48%
evil
45%
pain
45%
said
45%
hear
42%
when
42%
can
39%
faces
39%
(Oh)
39%
(oh)
39%
talk
39%
triflin’
39%
break
35%
from
35%
if
35%
will
35%
no
32%
risk
32%
those
32%
got
29%
it
29%
Mayhem
29%
Trials
29%
Uh
29%
uh)
29%
involved
26%
pills
26%
But
23%
but
23%
for
23%
just
23%
life
23%
like
23%
live
23%
make
23%
tribulations
23%
niggas
19%
slit
19%
wrist
19%
myself
16%
pop
16%
ain’t
13%
bitch
13%
cool
13%
dude
13%
fuck
13%
health
13%
It’s
13%
Known
13%
Mixin’
13%
oil
13%
olive
13%
speak
13%
Still
13%
too
13%
Ah
10%
bad
10%
bank
10%
finna
10%
rich
10%
smooth
10%
wealth
10%
boy
6%
‘Cause
6%
liquor
6%
ollies
6%
No matching quizzes found
Score Distribution
Percent of People with Each Score
Percentile by Number Answered
Your Score History
You have not taken this quiz